Možnosti utváření pozitivního vztahu žáků k četbě
Pokračovanie z č. 4/2015. Predstavenie projektov na rozvíjanie čítania v školskej praxi pre žiakov rôzneho veku.
Salvato in:
| Autore principale: | |
|---|---|
| Natura: | Capitolo di libro |
| Lingua: | ceco |
| Soggetti: | |
| Tags: |
Nessun Tag, puoi essere il primo ad aggiungerne!!
|
MARC
| LEADER | 00000naa a2200000 4500 | ||
|---|---|---|---|
| 001 | 0200882 | ||
| 005 | 20231127103335.2 | ||
| 041 | 0 | |a cze | |
| 044 | |a SK | ||
| 245 | 1 | 0 | |a Možnosti utváření pozitivního vztahu žáků k četbě |c Markéta Šauerová |
| 520 | |a Pokračovanie z č. 4/2015. Predstavenie projektov na rozvíjanie čítania v školskej praxi pre žiakov rôzneho veku. | ||
| 610 | 2 | 0 | |a školy základné |
| 610 | 2 | 0 | |a žiaci |
| 610 | 2 | 0 | |a knihy |
| 610 | 2 | 0 | |a literatúra |
| 610 | 2 | 0 | |a motivácia |
| 610 | 2 | 0 | |a výchova |
| 610 | 2 | 0 | |a projekty |
| 100 | 1 | |a Šauerová, Markéta | |